[Event "RUS-chT Rapid (Women)"]
[Site "Sochi"]
[Date "2023.10.18"]
[Round "3.11"]
[White "Ivashentseva, Dominika"]
[Black "Voit, Daria"]
[Result "0-1"]
[WhiteElo "1607"]
[BlackElo "2343"]
[PlyCount "94"]
[EventDate "2023.10.18"]
[EventType "team-swiss (rapid)"]
[EventRounds "9"]
[EventCountry "RUS"]
[SourceTitle "Mega2024 Update 01"]
[Source "Chessbase"]
[SourceDate "2023.11.12"]
[SourceVersion "1"]
[SourceVersionDate "2023.11.12"]
[SourceQuality "1"]
[WhiteTeam "Moscow Botvinnik School (W)"]
[BlackTeam "Moscow ShSM (W)"]
[WhiteTeamCountry "RUS"]
[BlackTeamCountry "RUS"]

1. d4 Nf6 2. c4 e6 3. Nc3 Bb4 4. Qc2 d5 5. a3 Bxc3+ 6. Qxc3 dxc4 7. Qxc4 b6 8. Bg5 Ba6 9. Qa4+ Qd7 10. Qxd7+ Nbxd7 11. f3 c5 12. Bxf6 gxf6 13. dxc5 Nxc5 14. b4 Na4 15. e3 Bxf1 16. Kxf1 0-0-0 17. Ne2 Rd2 18. Kf2 Nc3 19. Rhe1 Kb7 20. Kf1 Rc8 21. Rac1 Nxe2 22. Rxc8 Kxc8 23. Rxe2 Rd3 24. Ra2 Rxe3 25. Kf2 Rb3 26. Ke2 f5 27. Kd2 f4 28. Kc2 Re3 29. Kd2 Kd7 30. a4 Rb3 31. b5 Kd6 32. Rc2 Rb4 33. Ra2 e5 34. Kc3 Kc5 35. Kd3 Rd4+ 36. Kc3 f5 37. g3 h5 38. Re2 e4 39. fxe4 f3 40. Rf2 fxe4 41. h3 Rd3+ 42. Kc2 Kd4 43. g4 hxg4 44. hxg4 Ke3 45. Rh2 f2 46. Rh1 Ke2 47. Rh2 Ke1 0-1

[Event "RUS-chT Blitz (Women)"]
[Site "Sochi"]
[Date "2023.10.17"]
[Round "10.7"]
[White "Travkina, Anastasia"]
[Black "Ivashentseva, Dominika"]
[Result "1-0"]
[WhiteElo "2202"]
[BlackElo "1607"]
[PlyCount "91"]
[EventDate "2023.10.17"]
[EventType "team-tourn (blitz)"]
[EventRounds "13"]
[EventCountry "RUS"]
[SourceTitle "Mega2024 Update 01"]
[Source "Chessbase"]
[SourceDate "2023.11.12"]
[SourceVersion "1"]
[SourceVersionDate "2023.11.12"]
[SourceQuality "1"]
[WhiteTeam "Rostov Nastavnik (W)"]
[BlackTeam "Moscow Botvinnik School (W)"]
[WhiteTeamCountry "RUS"]
[BlackTeamCountry "RUS"]

1. e4 c5 2. Nf3 Nc6 3. c3 Nf6 4. e5 Nd5 5. d4 cxd4 6. cxd4 e6 7. a3 Be7 8. Bd3 a6 9. 0-0 b5 10. Qc2 Bb7 11. Bxh7 Rc8 12. Qd3 Ndb4 13. Qe4 Na5 14. Qg4 Rxh7 15. axb4 Nb3 16. Ng5 Bxg5 17. Bxg5 f6 18. Be3 Kf7 19. Ra3 f5 20. Qg3 Bd5 21. Nc3 g5 22. Nxd5 f4 23. Nxf4 gxf4 24. Qxf4+ Ke8 25. Rxb3 Qe7 26. Rc3 Rd8 27. Qg5 Qxg5 28. Bxg5 Ra8 29. Rfc1 Kf7 30. Rc7 Kg6 31. f4 Kf5 32. Rd1 Rg8 33. d5 Rh5 34. dxe6 dxe6 35. Re1 Kg4 36. Rf7 Rhxg5 37. fxg5 Rc8 38. Re4+ Kxg5 39. h4+ Kh5 40. Kh2 Rc2 41. Rf6 Rxb2 42. Kh3 Rb3+ 43. g3 Rc3 44. Rg4 Rxg3+ 45. Rxg3 a5 46. Rg5# 1-0

[Event "RUS-chT Blitz (Women)"]
[Site "Sochi"]
[Date "2023.10.17"]
[Round "8.3"]
[White "Voit, Daria"]
[Black "Ivashentseva, Dominika"]
[Result "0-1"]
[WhiteElo "2343"]
[BlackElo "1607"]
[PlyCount "122"]
[EventDate "2023.10.17"]
[EventType "team-tourn (blitz)"]
[EventRounds "13"]
[EventCountry "RUS"]
[SourceTitle "Mega2024 Update 01"]
[Source "Chessbase"]
[SourceDate "2023.11.12"]
[SourceVersion "1"]
[SourceVersionDate "2023.11.12"]
[SourceQuality "1"]
[WhiteTeam "Moscow ShSM (W)"]
[BlackTeam "Moscow Botvinnik School (W)"]
[WhiteTeamCountry "RUS"]
[BlackTeamCountry "RUS"]

1. d4 d5 2. c4 e6 3. Nf3 Nf6 4. g3 Be7 5. Bg2 0-0 6. 0-0 dxc4 7. Qc2 c5 8. dxc5 Qc7 9. Nbd2 Qxc5 10. Qxc4 Nc6 11. Qxc5 Bxc5 12. Nb3 Bb6 13. Bf4 Nd5 14. Bd6 Rd8 15. Ba3 e5 16. Nfd2 Be6 17. Nc4 Bc7 18. Nc5 Nd4 19. e3 Nc2 20. Nxe6 fxe6 21. Rac1 Nxa3 22. Nxa3 Bb6 23. Nc4 Bc7 24. Nd2 Bd6 25. Ne4 Be7 26. a3 Rac8 27. Rfd1 b6 28. Kf1 Rxc1 29. Rxc1 Nf6 30. Rc7 Nxe4 31. Rxe7 Nd2+ 32. Ke1 Nc4 33. Rxe6 Nxb2 34. Rxe5 Nd3+ 35. Ke2 Nxe5 36. f4 Nc4 37. a4 Rd2+ 38. Kf3 Nd6 39. Bh3 Kf8 40. e4 Ra2 41. e5 Nf7 42. Bd7 Ra3+ 43. Ke4 Ke7 44. Bc6 Nd8 45. Bb5 a5 46. Bd3 Rxa4+ 47. Kd5 b5 48. f5 Ra3 49. Be4 Nf7 50. g4 Ng5 51. Bb1 Rb3 52. Bc2 Rc3 53. Bb1 b4 54. h4 Nf3 55. g5 Re3 56. f6+ gxf6 57. exf6+ Kf8 58. Bxh7 Nxh4 59. g6 Nxg6 60. Bxg6 b3 61. Kc4 b2 0-1

[Event "EU-ch U12 Girls 30th"]
[Site "Antalya"]
[Date "2022.11.14"]
[Round "9"]
[White "Ivashentseva, Dominika"]
[Black "Caku, Kler"]
[Result "1/2-1/2"]
[WhiteElo "1650"]
[BlackElo "1562"]
[PlyCount "93"]
[EventDate "2022.11.06"]
[EventType "swiss"]
[EventRounds "9"]
[EventCountry "TUR"]
[SourceTitle "EXT 2024"]
[Source "ChessBase"]
[SourceDate "2023.10.10"]
[SourceVersion "1"]
[SourceVersionDate "2023.10.10"]
[SourceQuality "1"]

1. d4 d5 2. c4 e6 3. Nc3 Nf6 4. Bg5 Be7 5. e3 0-0 6. Nf3 Nbd7 7. Rc1 c6 8. Bd3 dxc4 9. Bxc4 Nd5 10. Bxe7 Qxe7 11. 0-0 Nxc3 12. Rxc3 e5 13. d5 cxd5 14. Bxd5 Nf6 15. e4 Be6 16. Bxe6 Qxe6 17. Qb1 Rac8 18. Rfc1 Rxc3 19. Rxc3 Rc8 20. Rxc8+ Qxc8 21. h3 Qe6 22. Qc2 h6 23. b3 Qe7 24. Qc8+ Kh7 25. Qf5+ g6 26. Qxe5 Qxe5 27. Nxe5 Nxe4 28. Nxf7 Nc3 29. a4 Ne2+ 30. Kf1 Nc1 31. Nd6 b6 32. b4 Nd3 33. b5 Nc5 34. Nc8 Nxa4 35. Nxa7 Kg7 36. Ke2 Kf6 37. Kd3 Ke6 38. Kc4 Nc5 39. f3 g5 40. Nc6 Nb7 41. Na7 Nd6+ 42. Kd4 Nf5+ 43. Ke4 Nd6+ 44. Kd4 Nf5+ 45. Ke4 Nd6+ 46. Kd4 Nf5+ 47. Ke4 1/2-1/2